Catálogo público

El nemátodo de los cítricos Tylenchulus semipenetrons Cobb. / (Record no. 200270)

MARC details
000 -CABECERA
campo de control de longitud fija 00906nam a2200277Ia 4500
001 - NÚMERO DE CONTROL
campo de control Para_1633
003 - IDENTIFICADOR DEL NÚMERO DE CONTROL
campo de control CHAP
008 - DATOS DE LONGITUD FIJA--INFORMACIÓN GENERAL
campo de control de longitud fija 220125s1987 xx 000 0 und d
010 ## - NÚMERO DE CONTROL DE LA BIBLIOTECA DEL CONGRESO
Número de control de LC 200270
040 ## - FUENTE DE LA CATALOGACIÓN
Centro/agencia transcriptor CHAP
082 ## - NÚMERO DE LA CLASIFICACIÓN DECIMAL DEWEY
Número de clasificación PA 634.304 C4
100 ## - ENTRADA PRINCIPAL--NOMBRE DE PERSONA
Nombre de persona Cepeda Siller, Melchor
9 (RLIN) 21318
245 ## - MENCIÓN DE TÍTULO
Título El nemátodo de los cítricos Tylenchulus semipenetrons Cobb. /
Mención de responsabilidad, etc. por Melchor Cepeda Siller y Salustiano Jiménez Catarino
260 ## - PUBLICACIÓN, DISTRIBUCIÓN, ETC.
Lugar de publicación, distribución, etc. Saltillo, Coah. :
Nombre del editor, distribuidor, etc. Universidad Autónoma Agraria "Antonio Narro". División Agronomía
300 ## - DESCRIPCIÓN FÍSICA
Extensión 122 h.
650 ## - PUNTO DE ACCESO ADICIONAL DE MATERIA--TÉRMINO DE MATERIA
Término de materia o nombre geográfico como elemento de entrada Citricos
Subdivisión general enfermedades por nemátodos
9 (RLIN) 24426
650 ## - PUNTO DE ACCESO ADICIONAL DE MATERIA--TÉRMINO DE MATERIA
Término de materia o nombre geográfico como elemento de entrada Tylenchus semipenetrans
9 (RLIN) 115732
700 ## - PUNTO DE ACCESO ADICIONAL--NOMBRE DE PERSONA
Nombre de persona Jiménez Catarino, Salustiano
9 (RLIN) 61467
901 ## - ELEMENTOS DE DATOS A LOCAL LDA (RLIN)
a PA 634.304 C4
902 ## - ELEMENTOS DE DATOS B LOCAL, LDB (RLIN)
a A
905 ## - ELEMENTOS DE DATOS E LOCAL, LDE (RLIN)
a 0000001987 0000000000 00
910 ## - DATOS DE OPCIÓN DEL USUARIO (OCLC)
Datos de opción del usuario 1987
942 ## - ELEMENTOS DE PUNTO DE ACCESO ADICIONAL (KOHA)
Tipo de ítem Koha Parasitologia_
942 ## - ELEMENTOS DE PUNTO DE ACCESO ADICIONAL (KOHA)
Tipo de ítem Koha Parasitologia_
-- 1
Holdings
Estado de retiro Estado de pérdida Fuente del sistema de clasificación o colocación Estado dañado No para préstamo Código de colección Localización permanente Ubicación/localización actual Fecha de adquisición Número de inventario Total de préstamos Signatura topográfica completa Código de barras Fecha visto por última vez Número de copia Precio válido a partir de Tipo de ítem Koha Nota pública
    Dewey Decimal Classification     General Parasitologia Agricola Parasitologia Agricola 27/10/2005 (PA_7339) (No. UACh C/E)   PA 634.304 C4 4102003431 25/01/2022 Ej.1 25/01/2022 Libro 3